00424 2200169 4500245006400000020002300064250001100087100002000098650001100118650001300129005001900142260004000161041001400201084000800215300002200223336000900245 aTanda Terakhir Sebuah Kenangan IndahcMhardy MohammadhText a978-602-7-32-08-00 aCet. 1 aMhardy Mohammad aSastra aFilsafat a20230413085013 bMahakarya Indonesia Publisherc2014 aIndonesia a813 a84 hlm. :c21 cm. atext